000 01581nam0a22002651 4500
001 v19\rc\1659337
005 20260406194950.0
035 _a(NLR Aleph) 004769064
090 _a4619909
_c4619909
100 _a20061002d1890 |||y0rusy50 ca
101 0 _arus
102 _aRU
105 _ay z |||||
200 1 _aПротокол собрания V-го разряда гласных С.-Петербургской биржи и особо приглашенных Биржевым комитетом лиц биржевого купечества и представителей учреждений, производящих банкирские дела на С.-Петербургской бирже, 13 сент. 1890 г.
210 _a[Санкт-Петербург]
_cС.-Петерб. бирж. ком.
_d[1890]
215 _a7 с.
_d20
309 _aБез тит. л. и обл.
532 1 1 _aПротокол собрания пятого разряда гласных С.-Петербургской биржи и особо приглашенных Биржевым комитетом лиц биржевого купечества и представителей учреждений, производящих банкирские дела на С.-Петербургской бирже, 13 сент. 1890 г.
710 0 2 _aСанкт-Петербургская биржа
_3RU\NLR\AUTH\889958185
_9412462
801 0 _aRU
_bNLR
_gpsbo
801 0 _aRU
_bRuMoRGB
_2psbo
801 1 _aRU
_bProSoft-M
_2rusmarc
852 _aNLR
_j18.277.6.79
942 _cBOOK
980 _aNB